NES Zelda Bosses - Statistics

General Stats
  • This quiz has been taken 18 times
  • The average score is 9 of 15
Answer Stats
Place Fought Boss % Correct
Level 9 Ganon
93%
Level 2 Dodongo
87%
Level 4 & Level 8 Gleeok
80%
Great Palace Link's Shadow
80%
Level 1 & Level 7 Aquamentus
73%
Level 6 Gohma
73%
Parapa Palace Mazura
67%
Level 5 Digdogger
60%
Level 3 Manhandla
60%
Great Palace Thunderbird
60%
Three-Eye Rock Palace Barba
53%
Palace On The Sea Gooma
47%
Maze Island Palace Carock
40%
Island Palace Rebonack
20%
Midoro Palace Jermafenser
7%
No matching quizzes found
Score Distribution
Percent of People with Each Score
Percentile by Number Answered
Your Score History
You have not taken this quiz